[Event "FRA T.IV"]
[Site "Toulouse"]
[Date "2005.01.09"]
[Round "4"]
[White "Vainguer, Guillaume"]
[Black "Klinchand, Didier"]
[Result "0-1"]
[WhiteElo "1760"]
[BlackElo "1956"]
[PlyCount "104"]
[EventDate "2005.??.??"]
[EventType "team-match"]
[EventCountry "FRA"]

1. d4 Nf6 2. c4 e6 3. Nf3 b6 4. a3 Be7 5. Nc3 Bb7 6. Qc2 O-O 7. e4 d5 8. cxd5
exd5 9. e5 Ne4 10. Bd3 f5 11. exf6 Nxf6 12. Ne5 c5 13. Ne2 Bd6 14. Bg5 Qc7 15.
Bxf6 gxf6 16. Nf3 c4 17. Bf5 Qf7 18. Qd2 Nc6 19. O-O Ne7 20. Bc2 Ng6 21. Ng3
Bf4 22. Bxg6 Qc7 23. Bxh7+ Kh8 24. Qc2 Qxh7 25. Qxh7+ Kxh7 26. Nf5 Rae8 27.
Rae1 Kg6 28. N3h4+ Kf7 29. g3 Bc7 30. Re3 Rxe3 31. fxe3 b5 32. Nh6+ Ke6 33. Ng6
Ra8 34. Nf4+ Bxf4 35. exf4 f5 36. Re1+ Kf6 37. Re5 Bc8 38. Rxd5 Be6 39. Re5 Rh8
40. d5 Bd7 41. g4 fxg4 42. d6 Rxh6 43. Re7 Bf5 44. Rxa7 Rh7 45. Ra6 Bd7 46. Kg2
Kf5 47. Rb6 Rh6 48. a4 bxa4 49. Rb4 Rxd6 50. Rxc4 Rd2+ 51. Kg3 Rxb2 52. Rc5+
Kf6 0-1

[Event "FRA T.IV"]
[Site "Toulouse"]
[Date "2005.01.09"]
[Round "4"]
[White "Van Hall, Pieter"]
[Black "Serres, Olivier"]
[Result "0-1"]
[WhiteElo "1890"]
[BlackElo "1780"]
[PlyCount "116"]
[EventDate "2005.??.??"]
[EventType "team-match"]
[EventCountry "FRA"]

1. c4 e5 2. Nc3 Nc6 3. Nf3 Bc5 4. e3 Nf6 5. a3 d5 6. b4 d4 7. bxc5 dxc3 8. d4
exd4 9. exd4 Bg4 10. Be3 Ne4 11. Qc2 Bxf3 12. gxf3 Nd2 13. d5 Nxf3+ 14. Kd1 O-O
15. Qxc3 Nce5 16. Bd4 Nxd4 17. Qxd4 Qg5 18. Be2 Qg2 19. Kc2 Qg6+ 20. Kc3 Qf5
21. f4 Ng6 22. Rag1 Qxf4 23. Qxf4 Nxf4 24. Bf3 Rfe8 25. Re1 Rad8 26. Rhf1 g5
27. Rxe8+ Rxe8 28. d6 Ne6 29. d7 Rd8 30. c6 bxc6 31. Bxc6 Kf8 32. Re1 Ke7 33.
Ba4 c5 34. Re4 Kd6 35. Re1 h6 36. Rf1 Rf8 37. Rf6 h5 38. Rf5 h4 39. Rd5+ Ke7
40. Bc2 Rd8 41. Bf5 f6 42. Bxe6 Kxe6 43. Rxc5 Rxd7 44. h3 Kd6 45. Rf5 Ke6 46.
Ra5 f5 47. Ra6+ Ke5 48. Rg6 Kf4 49. c5 g4 50. hxg4 fxg4 51. c6 Rc7 52. Rf6+ Kg3
53. Kd4 h3 54. Kd5 h2 55. Rh6 Kg2 56. Kd6 Rxc6+ 57. Kxc6 h1=Q 58. Rxh1 Kxh1 0-1

[Event "FRA T.IV"]
[Site "Toulouse"]
[Date "2005.01.09"]
[Round "4"]
[White "Verwaerde, Herve"]
[Black "Ribou, Jacques"]
[Result "1/2-1/2"]
[WhiteElo "1730"]
[BlackElo "1870"]
[PlyCount "89"]
[EventDate "2005.??.??"]
[EventType "team-match"]
[EventCountry "FRA"]

1. e4 c5 2. b4 e6 3. Bb2 Nf6 4. e5 Nd5 5. bxc5 Bxc5 6. Qg4 O-O 7. Nf3 Qb6 8.
Bd4 Bxd4 9. Qxd4 Nc6 10. Qxb6 Nxb6 11. a3 f6 12. exf6 Rxf6 13. Nc3 d5 14. Bb5
Bd7 15. O-O Re8 16. Rfe1 h6 17. Ne5 Nxe5 18. Rxe5 Bc6 19. Rae1 Kf7 20. Bd3 Nd7
21. R5e2 Nc5 22. Nb5 Bxb5 23. Bxb5 Re7 24. f3 a6 25. d4 axb5 26. dxc5 Rc7 27.
a4 Rxc5 28. Rb1 Rf4 29. axb5 Rfc4 30. Rb2 Ra4 31. Re3 b6 32. Kf2 Ke7 33. Ke2
Kd6 34. Kd2 Ra1 35. Re1 Rxe1 36. Kxe1 Rc4 37. Kd2 Ra4 38. Rb3 e5 39. Rc3 Rc4
40. Ra3 Rc7 41. Kd3 Kc5 42. Rc3+ Kd6 43. Ra3 Kc5 44. Rc3+ Kd6 45. Ra3 1/2-1/2

[Event "FRA T.IV"]
[Site "Toulouse"]
[Date "2005.01.09"]
[Round "4.1"]
[White "Hantisse, Alain"]
[Black "Chassy, Philippe"]
[Result "0-1"]
[WhiteElo "1910"]
[BlackElo "2182"]
[PlyCount "94"]
[EventDate "2005.??.??"]
[EventType "team-match"]
[EventCountry "FRA"]

1. e4 e6 2. d4 d5 3. Nc3 Bb4 4. e5 Ne7 5. a3 Bxc3+ 6. bxc3 c5 7. Bg5 Nbc6 8.
Bxe7 Qxe7 9. Bb5 Bd7 10. Bxc6 bxc6 11. Nf3 O-O 12. O-O a5 13. dxc5 Qxc5 14. Qd4
Qe7 15. Rfb1 c5 16. Qe3 Ba4 17. Qc1 Qc7 18. Rb2 Rab8 19. Rab1 Rxb2 20. Rxb2 f6
21. Qe3 Bd7 22. g3 Qc6 23. exf6 gxf6 24. Ne1 e5 25. Nd3 d4 26. cxd4 cxd4 27.
Qe2 Qd6 28. Qf3 Rc8 29. a4 Qe6 30. Qb7 Bc6 31. Rb6 Bxb7 32. Rxe6 Rxc2 33. Rxf6
Be4 34. Ne1 Kg7 35. Nxc2 Kxf6 36. Na3 Bd5 37. Kf1 Ke6 38. Ke2 Bb3 39. Kd2 Kd5
40. h4 Bxa4 41. g4 Bd7 42. f3 a4 43. h5 h6 44. Kd3 Ke6 45. f4 exf4 46. Ke4 d3
47. Kxd3 Kf6 0-1

[Event "FRA T.IV"]
[Site "Toulouse"]
[Date "2005.01.09"]
[Round "4.1"]
[White "Lafuma, Antoine"]
[Black "Canivet, Christophe"]
[Result "1-0"]
[WhiteElo "1840"]
[BlackElo "1954"]
[PlyCount "69"]
[EventDate "2005.??.??"]
[EventType "team-match"]
[EventCountry "FRA"]

1. e4 e5 2. Nf3 Nc6 3. d4 exd4 4. Nxd4 Nxd4 5. Qxd4 d6 6. Nc3 c6 7. Bf4 Be6 8.
O-O-O Qb6 9. Qxb6 axb6 10. Bxd6 Bxd6 11. Rxd6 Nf6 12. a3 O-O 13. Be2 b5 14.
Rhd1 Rfe8 15. Bf3 Kf8 16. e5 b4 17. axb4 Ra1+ 18. Kd2 Rxd1+ 19. Kxd1 Nd7 20. b5
Nxe5 21. bxc6 Ke7 22. Nb5 Bc4 23. cxb7 Nxf3 24. gxf3 Bxb5 25. Rb6 Rb8 26. Rxb5
Kd6 27. Kd2 Kc6 28. Rb3 Kc7 29. c3 Rd8+ 30. Kc2 Kb8 31. c4 Rd4 32. c5 Rc4+ 33.
Rc3 Rh4 34. c6 Kc7 35. Rb3 1-0

[Event "FRA T.IV"]
[Site "Toulouse"]
[Date "2005.01.09"]
[Round "4.2"]
[White "Hoareau, Nicolas"]
[Black "Rigal, Samy"]
[Result "1-0"]
[WhiteElo "1910"]
[BlackElo "1730"]
[PlyCount "55"]
[EventDate "2005.??.??"]
[EventType "team-match"]
[EventCountry "FRA"]

1. d4 d5 2. Nf3 Nf6 3. e3 c6 4. Bd3 e6 5. Nbd2 Nbd7 6. O-O Be7 7. b3 Qc7 8. Bb2
O-O 9. Ne5 Nxe5 10. dxe5 Nd7 11. f4 Nb6 12. Rf3 Re8 13. Bxh7+ Kf8 14. Rh3 Bb4
15. Bd3 Bxd2 16. Qxd2 Ke7 17. Ba3+ c5 18. Qa5 Kd8 19. Bxc5 Rb8 20. Bd6 Qc6 21.
Rc1 Bd7 22. Bxb8 Kc8 23. Bxa7 Na8 24. Bd4 Nc7 25. c4 Kd8 26. Rc2 Bc8 27. cxd5
Qd7 28. d6 1-0

[Event "FRA T.IV"]
[Site "Toulouse"]
[Date "2005.01.09"]
[Round "4.2"]
[White "Surre, Frederic"]
[Black "Blesing, Rene"]
[Result "0-1"]
[WhiteElo "1890"]
[BlackElo "1700"]
[PlyCount "97"]
[EventDate "2005.??.??"]
[EventType "team-match"]
[EventCountry "FRA"]

1. e4 Nf6 2. e5 Nd5 3. d4 d6 4. c4 Nb6 5. f4 dxe5 6. fxe5 Nc6 7. Be3 Bf5 8. Nf3
e6 9. Be2 Nb4 10. Na3 Qd7 11. O-O Be7 12. Qd2 h6 13. d5 exd5 14. c5 Nc6 15.
cxb6 axb6 16. Bb5 Be4 17. Rac1 Bxa3 18. bxa3 O-O 19. Nd4 Rxa3 20. Nxc6 bxc6 21.
Bxc6 Qg4 22. Rf2 Rd3 23. Qe2 Qg6 24. Rd1 Rxd1+ 25. Qxd1 Qxc6 26. Qg4 Ra8 27.
Rf6 Qc2 28. e6 Qxg2+ 29. Qxg2 Bxg2 30. Rxf7 Bh3 31. Rxc7 Bxe6 32. Rc6 Bf7 33.
Rxb6 Rxa2 34. Bd4 Ra4 35. Be5 Re4 36. Bb2 Re7 37. Rb8+ Kh7 38. Rb4 Bg6 39. Kf2
Be4 40. Kg3 Rf7 41. Kh4 Bf3 42. Kg3 Be4 43. Rb3 Rd7 44. Rb4 Kg6 45. Ba1 Rf7 46.
Rb3 Rf1 47. Bd4 Rd1 48. Rb6+ Kh5 49. Bxg7 0-1

[Event "FRA T.IV"]
[Site "Toulouse"]
[Date "2005.01.09"]
[Round "4.3"]
[White "Aflallo, Fortunio"]
[Black "De Jong, Arjen"]
[Result "1/2-1/2"]
[WhiteElo "1650"]
[BlackElo "1780"]
[PlyCount "95"]
[EventDate "2005.??.??"]
[EventType "team-match"]
[EventCountry "FRA"]

1. e4 c5 2. f4 Nc6 3. Nf3 d6 4. c3 Nf6 5. e5 dxe5 6. fxe5 Nd5 7. d4 cxd4 8.
cxd4 e6 9. a3 Be7 10. Bd2 O-O 11. Bd3 f6 12. O-O fxe5 13. Nxe5 Nxe5 14. Rxf8+
Bxf8 15. dxe5 Qb6+ 16. Kf1 Qd4 17. Bc3 Qf4+ 18. Qf3 Qxh2 19. Qh3 Qf4+ 20. Ke2
Nxc3+ 21. Nxc3 Qxe5+ 22. Kd2 Qg5+ 23. Kc2 g6 24. Rh1 h6 25. Ne4 Qe7 26. Rf1 Bg7
27. Qg3 g5 28. Kb1 Bd7 29. Bc4 Bc6 30. Nd6 Rf8 31. Rxf8+ Bxf8 32. Nc8 Qf6 33.
Nxa7 Be4+ 34. Ka2 Bg7 35. Qb3 Bxg2 36. Bxe6+ Kh8 37. Nb5 Qe5 38. Nc3 Bf3 39.
Qc4 Bc6 40. Bf7 Qf6 41. Qb3 g4 42. Bd5 g3 43. Bxc6 Qxc6 44. Ne2 g2 45. Qd3 Qf6
46. Qc2 Qe6+ 47. Kb1 Qxe2 48. Qc8+ 1/2-1/2

[Event "FRA T.IV"]
[Site "Toulouse"]
[Date "2005.01.09"]
[Round "4.3"]
[White "Moiseyev, Vlas"]
[Black "Parpinel, Mario"]
[Result "1/2-1/2"]
[WhiteElo "1750"]
[BlackElo "1770"]
[PlyCount "116"]
[EventDate "2005.??.??"]
[EventType "team-match"]
[EventCountry "FRA"]

1. e4 e5 2. Nf3 Nc6 3. Bb5 a6 4. Ba4 Nf6 5. O-O Nxe4 6. Qe2 Nc5 7. Bxc6 dxc6 8.
Qxe5+ Qe7 9. d4 Qxe5 10. Nxe5 Ne6 11. c3 f6 12. Nd3 Bd7 13. Be3 O-O-O 14. f4
Re8 15. Re1 h6 16. Nd2 Nd8 17. Bf2 Bd6 18. g3 Bf5 19. Nc5 a5 20. Nce4 b6 21.
Kg2 Nf7 22. a3 Bd7 23. c4 f5 24. Nxd6+ Nxd6 25. b3 Ne4 26. Nf3 Nxf2 27. Kxf2
Re4 28. Rxe4 fxe4 29. Ne5 Bf5 30. Nxc6 Bg4 31. Ke3 Bh3 32. Ne5 Bf5 33. g4 Bh7
34. f5 h5 35. h3 hxg4 36. hxg4 Bg8 37. Kxe4 Rh3 38. b4 axb4 39. axb4 Kb7 40. c5
c6 41. Kf4 Rb3 42. cxb6 Rxb4 43. Ra7+ Kxb6 44. Rxg7 Rxd4+ 45. Ke3 Rd8 46. Nd7+
Kb5 47. f6 Be6 48. Ne5 Kc5 49. f7 Rf8 50. Ke4 Kd6 51. g5 c5 52. Rg6 Ke7 53.
Nc6+ Kd7 54. Rf6 Kxc6 55. Rxe6+ Kd7 56. Rf6 Ke7 57. Rc6 Kxf7 58. Rxc5 Kg6
1/2-1/2

[Event "FRA T.IV"]
[Site "Toulouse"]
[Date "2005.01.09"]
[Round "4.4"]
[White "Lecoultre, Patrick"]
[Black "Bachkat, Ali"]
[Result "1-0"]
[WhiteElo "1753"]
[BlackElo "1640"]
[PlyCount "95"]
[EventDate "2005.??.??"]
[EventType "team-match"]
[EventCountry "FRA"]

1. d4 d5 2. c4 Nf6 3. Nf3 Nc6 4. Bg5 dxc4 5. e3 Qd6 6. Nbd2 Bf5 7. Bxc4 Ne4 8.
O-O h6 9. Bf4 Qd7 10. Qb3 Nd6 11. Bxd6 exd6 12. Rfe1 Na5 13. Qc3 Nxc4 14. Nxc4
Be7 15. Rac1 O-O 16. e4 Bg6 17. d5 Qb5 18. b3 Rfe8 19. Nfd2 Qc5 20. Na5 Bg5 21.
Nac4 b5 22. b4 Bxd2 23. Qxd2 Qxc4 24. Rxc4 bxc4 25. f3 f5 26. Qd4 fxe4 27. fxe4
a5 28. b5 Re5 29. Qxc4 Rae8 30. Qxc7 Rxd5 31. exd5 Rxe1+ 32. Kf2 Rd1 33. b6
Rd2+ 34. Ke3 Rd3+ 35. Ke2 Rxd5 36. b7 Re5+ 37. Kd2 Rd5+ 38. Kc3 Rd3+ 39. Kc4
d5+ 40. Kc5 Rc3+ 41. Kb6 Rxc7 42. Kxc7 d4 43. b8=Q+ Kh7 44. Qb2 d3 45. Qd2 a4
46. Kb6 a3 47. Kc5 Bf5 48. Kb4 1-0

[Event "FRA T.IV"]
[Site "Toulouse"]
[Date "2005.01.09"]
[Round "4.4"]
[White "Videau, Yannick"]
[Black "Artis, Francois"]
[Result "1-0"]
[WhiteElo "1810"]
[BlackElo "1700"]
[PlyCount "117"]
[EventDate "2005.??.??"]
[EventType "team-match"]
[EventCountry "FRA"]

1. e4 c5 2. Nf3 d6 3. d4 cxd4 4. Nxd4 Nf6 5. Nc3 a6 6. Bc4 e6 7. Bb3 Be7 8. O-O
Nc6 9. Re1 Bd7 10. f4 Nxd4 11. Qxd4 O-O 12. Kh1 Ng4 13. Rf1 Qa5 14. Qd1 h5 15.
h3 Nf6 16. Bd2 Qc7 17. f5 b5 18. a3 Qb7 19. Bg5 Qc7 20. Bxf6 Bxf6 21. Qxh5 Qc5
22. Rad1 Rad8 23. Qg4 exf5 24. exf5 Bxc3 25. bxc3 Qxc3 26. Qd4 Qxd4 27. Rxd4
Bc8 28. f6 g6 29. Rfd1 Rfe8 30. Rxd6 Rxd6 31. Rxd6 a5 32. Kg1 a4 33. Bd5 Bf5
34. c4 bxc4 35. Bxc4 Be6 36. Bb5 Ra8 37. Ra6 Rxa6 38. Bxa6 Kh7 39. Bb5 Bb3 40.
g4 Kh6 41. h4 Bd1 42. Bd7 Bb3 43. Kf2 Kh7 44. g5 Kg8 45. Ke3 Kf8 46. Kd4 Bd1
47. Kc5 Bc2 48. Kb4 Bd1 49. Bxa4 Bxa4 50. Kxa4 Ke8 51. Kb5 Kd7 52. a4 Ke6 53.
a5 Kf5 54. a6 Kg4 55. a7 Kxh4 56. a8=Q Kxg5 57. Qc6 Kf5 58. Kc4 g5 59. Kd4 1-0

[Event "FRA T.IV"]
[Site "Toulouse"]
[Date "2005.01.09"]
[Round "4.5"]
[White "Alladaye, Rene"]
[Black "Reynes, Philippe"]
[Result "1-0"]
[WhiteElo "1740"]
[BlackElo "1790"]
[PlyCount "53"]
[EventDate "2005.??.??"]
[EventType "team-match"]
[EventCountry "FRA"]

1. Nf3 d5 2. g3 e6 3. Bg2 f5 4. d3 Nf6 5. O-O Bd6 6. c4 c6 7. Nc3 O-O 8. cxd5
exd5 9. Bg5 h6 10. Bd2 Qe8 11. Re1 Nbd7 12. e4 fxe4 13. dxe4 Nxe4 14. Nxe4 dxe4
15. Bxh6 Qg6 16. Qb3+ Kh8 17. Nh4 Qxh6 18. Bxe4 Ne5 19. Bc2 Bh3 20. Rxe5 Rf6
21. Re4 Bc5 22. Nf3 Raf8 23. Rh4 Bxf2+ 24. Kxf2 Qxh4 25. gxh4 Rxf3+ 26. Qxf3
Rxf3+ 27. Kxf3 1-0

[Event "FRA T.IV"]
[Site "Toulouse"]
[Date "2005.01.09"]
[Round "4.5"]
[White "Lelegard, Jean Francois"]
[Black "Nougayrede, Jean Louis"]
[Result "1-0"]
[WhiteElo "1610"]
[BlackElo "1740"]
[PlyCount "145"]
[EventDate "2005.??.??"]
[EventType "team-match"]
[EventCountry "FRA"]

1. e4 c5 2. d4 cxd4 3. c3 g6 4. cxd4 Bg7 5. Nf3 d6 6. Nc3 a6 7. h3 Nf6 8. Be2
O-O 9. O-O b5 10. a3 Bb7 11. Qd3 Nbd7 12. Be3 Nb6 13. b3 Rc8 14. Nd2 Nfd7 15.
Rac1 e6 16. f4 Qe7 17. Bf3 f5 18. e5 Bxf3 19. Nxf3 d5 20. Ra1 Rc6 21. Bf2 Rfc8
22. Rfc1 Nb8 23. Be1 h6 24. Ra2 Kh7 25. g4 Rg8 26. Bh4 Qe8 27. Rg2 Bf8 28. Ra2
Be7 29. Rcc2 Bxh4 30. Nxh4 Qe7 31. Nf3 Rcc8 32. Rg2 Nc6 33. h4 Rg7 34. Qe3 Qe8
35. Ne1 Ne7 36. g5 h5 37. Rgc2 Nc6 38. Nd3 Rgc7 39. Nc5 Nb8 40. Ra1 N6d7 41.
Na2 Qe7 42. Rac1 Kg8 43. Nb4 Kf7 44. Nbd3 Qe8 45. Kf2 Qe7 46. Nb4 Qe8 47. Ke1
Qe7 48. Kd1 Qe8 49. Nbxa6 Nxa6 50. Nxa6 Rxc2 51. Rxc2 Rxc2 52. Kxc2 Qc8+ 53.
Nc5 Nb6 54. Kb2 Ke7 55. Qc3 Qa8 56. Qb4 Qe8 57. Nb7+ Kd7 58. Qd6+ Kc8 59. Qxb6
Qd8 60. Nd6+ Kd7 61. Qxd8+ Kxd8 62. Nxb5 Kd7 63. Kc3 Kc6 64. Kb4 Kb6 65. a4 Kc6
66. a5 Kb7 67. Nd6+ Ka6 68. Nf7 Ka7 69. Kb5 Ka8 70. Kb6 Kb8 71. a6 Ka8 72. Nh8
Kb8 73. Nxg6 1-0

[Event "FRA T.IV"]
[Site "Toulouse"]
[Date "2005.01.09"]
[Round "4.6"]
[White "Gilabert, David"]
[Black "Ratsiambahotra, Tahiry"]
[Result "0-1"]
[WhiteElo "1680"]
[BlackElo "1499"]
[PlyCount "130"]
[EventDate "2005.??.??"]
[EventType "team-match"]
[EventCountry "FRA"]

1. f4 d5 2. d4 Bf5 3. Nf3 Nf6 4. e3 c5 5. c3 Nc6 6. Nbd2 e6 7. Bb5 Qb6 8. Bxc6+
bxc6 9. Ne5 cxd4 10. cxd4 Bb4 11. O-O Ne4 12. g4 Nxd2 13. Bxd2 Bxd2 14. Qxd2
Be4 15. Qc3 f6 16. Qxc6+ Qxc6 17. Nxc6 Kd7 18. Na5 Rab8 19. Rf2 h5 20. g5 Rhf8
21. Nb3 fxg5 22. Nc5+ Kd6 23. b3 gxf4 24. exf4 Rb4 25. Rd1 Rf6 26. h4 Rg6+ 27.
Kh2 Rg4 28. Kh3 Bf5 29. Kh2 Rxh4+ 30. Kg3 Rg4+ 31. Kf3 Rh4 32. Rg2 Bg4+ 33.
Rxg4 Rxg4 34. a3 Rb8 35. Re1 Rg6 36. Rh1 Rh6 37. Rg1 Rg8 38. Nb7+ Ke7 39. b4 h4
40. Re1 h3 41. Kg3 h2 42. Kg2 Rg6+ 43. Kh1 Rg1+ 44. Rxg1 hxg1=Q+ 45. Kxg1 Rf8
46. Na5 Kd7 47. Kf2 Rxf4+ 48. Ke3 g5 49. Nb7 Rf1 50. Nc5+ Ke7 51. a4 g4 52. Nd3
g3 53. Nf4 Rxf4 54. Kxf4 g2 55. b5 g1=Q 56. a5 Qxd4+ 57. Kg3 e5 58. Kg2 e4 59.
b6 axb6 60. a6 b5 61. Kf1 e3 62. Ke2 Qd2+ 63. Kf3 Qf2+ 64. Kg4 e2 65. a7 Qxa7
0-1

[Event "FRA T.IV"]
[Site "Toulouse"]
[Date "2005.01.09"]
[Round "4.6"]
[White "Viaud, Thierry"]
[Black "Avdagic, Hilmija"]
[Result "0-1"]
[WhiteElo "1660"]
[BlackElo "1699"]
[PlyCount "79"]
[EventDate "2005.??.??"]
[EventType "team-match"]
[EventCountry "FRA"]

1. d4 d5 2. Nf3 Nf6 3. e3 Bg4 4. c4 e6 5. Qb3 Qc8 6. cxd5 exd5 7. Nc3 c6 8. Bd2
Bd6 9. Rc1 a6 10. Na4 Nbd7 11. Bb4 Ne4 12. Bxd6 Nxd6 13. Bd3 O-O 14. Ne5 Nxe5
15. dxe5 Nc4 16. Bxc4 dxc4 17. Qc3 Qc7 18. O-O Rfe8 19. f4 Rad8 20. Nc5 b5 21.
b4 a5 22. a3 axb4 23. axb4 Qe7 24. h3 Be2 25. Rf2 Bd3 26. Rd2 f6 27. Nxd3 cxd3
28. Qb3+ Kh8 29. Rxc6 fxe5 30. f5 e4 31. Qc3 Qg5 32. Rc7 Qxe3+ 33. Rf2 Qd4 34.
Qxd4 Rxd4 35. f6 gxf6 36. Rxf6 d2 37. Rff7 d1=Q+ 38. Kh2 Qh5 39. Rb7 e3 40. Rg7
0-1

[Event "FRA T.IV"]
[Site "Toulouse"]
[Date "2005.01.09"]
[Round "4.7"]
[White "Decorchemont, Julien"]
[Black "Dorleac, Joel"]
[Result "1-0"]
[WhiteElo "1610"]
[BlackElo "1580"]
[PlyCount "53"]
[EventDate "2005.??.??"]
[EventType "team-match"]
[EventCountry "FRA"]

1. c4 c5 2. Nc3 Nc6 3. g3 g6 4. Bg2 Nf6 5. Nf3 Bg7 6. O-O d6 7. d4 cxd4 8. Nxd4
Nxd4 9. Qxd4 O-O 10. Qd1 a6 11. b4 Qc7 12. c5 Rd8 13. Bf4 Be6 14. Rc1 Nh5 15.
cxd6 exd6 16. Nd5 Qb8 17. Bg5 Bxd5 18. Qxd5 Nf6 19. Qxb7 Qxb7 20. Bxb7 Rab8 21.
Rc7 Rd7 22. Rfc1 Rxb7 23. Rc8+ Bf8 24. Bh6 Rd8 25. Rxd8 Nd7 26. Rxf8+ Nxf8 27.
Rc8 1-0

[Event "FRA T.IV"]
[Site "Toulouse"]
[Date "2005.02.06"]
[Round "5"]
[White "Bottu, Eric"]
[Black "Lecoultre, Patrick"]
[Result "1-0"]
[WhiteElo "1970"]
[BlackElo "1753"]
[PlyCount "83"]
[EventDate "2005.??.??"]
[EventType "team-match"]
[EventCountry "FRA"]

1. e4 c5 2. Nf3 g6 3. d4 Bg7 4. Nc3 cxd4 5. Nxd4 Nc6 6. Be3 Nf6 7. Be2 O-O 8.
f3 Qb6 9. Na4 Qa5+ 10. c3 d6 11. Nxc6 bxc6 12. b4 Qc7 13. O-O Nd7 14. Rc1 Nb6
15. c4 Rd8 16. Nc3 Bb7 17. Qb3 Rab8 18. f4 Qd7 19. Rfd1 Qe6 20. Bd4 Bxd4+ 21.
Rxd4 c5 22. bxc5 dxc5 23. Rxd8+ Rxd8 24. Bf3 Rd3 25. Qc2 Qxc4 26. Be2 Qd4+ 27.
Kh1 Rd2 28. Qb1 Bc6 29. Bf3 c4 30. h3 Qe3 31. Nd5 Bxd5 32. exd5 Qxf4 33. Qb5
Rxa2 34. Qe8+ Kg7 35. Rf1 Nxd5 36. Be2 Qe5 37. Rxf7+ Kh6 38. Qf8+ Kg5 39. h4+
Kxh4 40. Qh6+ Qh5 41. Bxh5 gxh5 42. Rf5 1-0

[Event "FRA T.IV"]
[Site "Toulouse"]
[Date "2005.??.??"]
[Round "5"]
[White "Casanova, Laurent"]
[Black "Maurage, Jacky"]
[Result "1-0"]
[WhiteElo "1590"]
[BlackElo "1650"]
[PlyCount "73"]
[EventDate "2005.??.??"]
[EventType "team-match"]
[EventCountry "FRA"]

1. d4 e6 2. e3 d5 3. Bd3 Nf6 4. Nd2 Bd6 5. f4 b6 6. Ngf3 Ba6 7. c4 c6 8. Ne5
Bb7 9. cxd5 exd5 10. Qa4 O-O 11. O-O Re8 12. Ndf3 h6 13. Bd2 Qe7 14. Rac1 a6
15. Nh4 b5 16. Qd1 Bxe5 17. dxe5 Nfd7 18. Nf5 Qf8 19. Nd6 Bc8 20. Nxe8 Qxe8 21.
Qh5 Nf8 22. Rf3 Qe7 23. Rg3 Kh8 24. Bf5 Be6 25. Bxe6 fxe6 26. a3 c5 27. Be1
Nbd7 28. Rg4 Nh7 29. Qh3 Qf8 30. Rg6 Ra7 31. Qxe6 d4 32. Bd2 d3 33. b3 Nb8 34.
Qb6 Qf7 35. Rd6 c4 36. Rd8+ Nf8 37. Rxb8 1-0

[Event "FRA T.IV"]
[Site "Toulouse"]
[Date "2005.02.06"]
[Round "5"]
[White "Casanova, Mathieu"]
[Black "Touvron, Fabrice"]
[Result "0-1"]
[WhiteElo "1660"]
[BlackElo "1868"]
[PlyCount "126"]
[EventDate "2005.??.??"]
[EventType "team-match"]
[EventCountry "FRA"]

1. d4 Nf6 2. e3 d5 3. Bd3 c5 4. c3 Nc6 5. f4 Bg4 6. Nf3 e6 7. O-O cxd4 8. exd4
Bd6 9. Qe1 Bxf3 10. Rxf3 Qb6 11. Kh1 O-O-O 12. b4 h6 13. a4 Qc7 14. Qf1 Ne4 15.
Bxe4 dxe4 16. Rf2 f5 17. Be3 Ne7 18. b5 Nd5 19. Qc1 g5 20. g3 gxf4 21. gxf4
Rdg8 22. c4 Nxe3 23. Qxe3 Rg4 24. c5 Qg7 25. Nd2 Rg8 26. Rff1 Bxf4 27. Qe2 Bxd2
28. Qxd2 Rg2 29. Qf4 Qg4 30. Qxg4 R8xg4 31. Rg1 Rd2 32. Rad1 e3 33. Rde1 e2 34.
Rxg4 fxg4 35. Kg2 h5 36. Kf2 Rxd4 37. Rxe2 Kd7 38. c6+ bxc6 39. bxc6+ Kxc6 40.
Rxe6+ Kb7 41. Re7+ Kb6 42. Re6+ Ka5 43. Re7 a6 44. Re5+ Kxa4 45. Rxh5 Kb4 46.
Ke3 Rc4 47. Kf2 a5 48. h3 gxh3 49. Rxh3 Rc2+ 50. Ke1 a4 51. Kd1 Rc4 52. Rh2 a3
53. Rc2 Rc3 54. Kd2 Rh3 55. Rc1 a2 56. Ra1 Kb3 57. Rc1 Rh2+ 58. Kd3 Kb2 59. Rc8
a1=Q 60. Rb8+ Kc1 61. Rc8+ Kd1 62. Rg8 Qa3+ 63. Ke4 Rh4+ 0-1

[Event "FRA T.IV"]
[Site "Toulouse"]
[Date "2005.??.??"]
[Round "5"]
[White "Le Flao, Philippe"]
[Black "Dauris, Jean Marc"]
[Result "0-1"]
[WhiteElo "1920"]
[BlackElo "2060"]
[PlyCount "98"]
[EventDate "2005.??.??"]
[EventType "team-match"]
[EventCountry "FRA"]

1. d4 Nf6 2. Nf3 g6 3. g3 Bg7 4. Bg2 O-O 5. O-O d5 6. c4 e6 7. Nbd2 c6 8. Qc2
Nbd7 9. b3 Re8 10. Bb2 Ng4 11. h3 Nh6 12. e4 dxe4 13. Ne5 f5 14. c5 Nxe5 15.
dxe5 Qc7 16. Nc4 Nf7 17. Nd6 Re7 18. Nxf7 Kxf7 19. Qc3 b6 20. Rfd1 Rd7 21. Rd6
Rxd6 22. cxd6 Qd7 23. g4 Bb7 24. f3 f4 25. fxe4 g5 26. h4 h6 27. Kf2 Qd8 28. h5
b5 29. Qc5 Qb6 30. Rc1 Qa5 31. Qc3 b4 32. Qd2 Qxa2 33. Qc2 Qa5 34. Qc5 Qa2 35.
Qc2 Qa5 36. Qc5 Qb6 37. Rc4 Qxc5+ 38. Rxc5 a5 39. Rc4 Ke8 40. Bf3 Kd7 41. Bd1
Ba6 42. Rc5 Bb5 43. Rc1 a4 44. bxa4 Bd3 45. Kf3 Ra5 46. Ra1 Bxe5 47. Bxe5 Rxe5
48. a5 Bxe4+ 49. Kf2 Rb5 0-1

[Event "FRA T.IV"]
[Site "Toulouse"]
[Date "2005.02.06"]
[Round "5"]
[White "Riviere, Cedric"]
[Black "Bekhouche, Eric"]
[Result "1-0"]
[WhiteElo "1900"]
[BlackElo "1600"]
[PlyCount "73"]
[EventDate "2005.??.??"]
[EventType "team-match"]
[EventCountry "FRA"]

1. Nf3 d5 2. d4 Nd7 3. c4 dxc4 4. Nc3 e6 5. e4 Bb4 6. Bxc4 Ngf6 7. Bg5 c5 8.
O-O Qa5 9. e5 Bxc3 10. bxc3 Ne4 11. Bd2 O-O 12. Qc2 Nxd2 13. Nxd2 Nb6 14. Bd3
h6 15. Nb3 Qa3 16. Nxc5 Nd5 17. Rfc1 b6 18. Qb3 Qa5 19. Ne4 Nf4 20. Bf1 Ba6 21.
c4 Rfd8 22. Nd6 Rd7 23. Qf3 Rad8 24. Qxf4 Bb7 25. c5 Re7 26. c6 Bc8 27. c7 Rf8
28. Qh4 Rd7 29. Qe4 Qd2 30. Nxc8 Rxc8 31. Qb7 Rf8 32. c8=Q Rxb7 33. Qxb7 Qxd4
34. Qxa7 Qxe5 35. Qxb6 g5 36. Qc5 Rd8 37. Qxe5 1-0

[Event "FRA T.IV"]
[Site "Toulouse"]
[Date "2005.02.06"]
[Round "5"]
[White "Vaute, Denis"]
[Black "Bolla, Benjamin"]
[Result "1/2-1/2"]
[WhiteElo "1870"]
[BlackElo "1780"]
[PlyCount "110"]
[EventDate "2005.??.??"]
[EventType "team-match"]
[EventCountry "FRA"]

1. e4 e6 2. d4 d5 3. e5 c5 4. c3 Nc6 5. Nf3 Qb6 6. a3 f6 7. b4 cxd4 8. cxd4
fxe5 9. dxe5 Nxb4 10. axb4 Bxb4+ 11. Bd2 Bd7 12. Bxb4 Qxb4+ 13. Qd2 Qxd2+ 14.
Nbxd2 Ne7 15. Rb1 b6 16. Nd4 Nc6 17. Nxc6 Bxc6 18. Nf3 O-O 19. Nd4 Bd7 20. Bb5
Bxb5 21. Rxb5 Rf4 22. Ne2 Re4 23. f4 Rf8 24. g3 Rc8 25. Kd2 Rcc4 26. Ra1 Ra4
27. Rxa4 Rxa4 28. Nc3 Rd4+ 29. Kc2 Rc4 30. Kd3 Kf7 31. Rb2 g5 32. Nb5 Ra4 33.
fxg5 Kg6 34. Nd4 Kxg5 35. Nxe6+ Kf5 36. Nd4+ Kxe5 37. Re2+ Kd6 38. Re6+ Kc5 39.
Rc6+ Kb4 40. Nc2+ Kb5 41. Rh6 a5 42. Nd4+ Ka6 43. Rxh7 Ra3+ 44. Kd2 a4 45. Rh5
b5 46. Rxd5 Ra2+ 47. Nc2 b4 48. Kc1 Kb6 49. h4 b3 50. Rd6+ Kc5 51. Rc6+ Kb5 52.
Nd4+ Kb4 53. h5 Rg2 54. Nc2+ bxc2 55. Rxc2 Rxg3 1/2-1/2

[Event "FRA T.IV"]
[Site "Toulouse"]
[Date "2005.??.??"]
[Round "5"]
[White "Vuitton, Gilles"]
[Black "Belkhouche, C."]
[Result "1-0"]
[WhiteElo "2220"]
[BlackElo "1820"]
[PlyCount "53"]
[EventDate "2005.??.??"]
[EventType "team-match"]
[EventCountry "FRA"]

1. c4 e6 2. Nf3 Nf6 3. g3 d5 4. b3 c5 5. e3 Nc6 6. Bb2 Be7 7. Bg2 d4 8. exd4
cxd4 9. O-O e5 10. d3 Bg4 11. h3 Bh5 12. g4 Bg6 13. Nh4 Nxg4 14. Nxg6 Nxf2 15.
Rxf2 hxg6 16. Qf3 f5 17. Qd5 Qxd5 18. cxd5 Nd8 19. Re2 Nf7 20. Nd2 Ng5 21. Rxe5
Nxh3+ 22. Bxh3 Rxh3 23. Rae1 Rxd3 24. Rxe7+ Kf8 25. Nc4 Rg3+ 26. Kf2 f4 27.
Bxd4 1-0

[Event "FRA T.IV"]
[Site "Toulouse"]
[Date "2005.03.13"]
[Round "6"]
[White "Dirat"]
[Black "Cazals, Philippe"]
[Result "1/2-1/2"]
[WhiteElo "1740"]
[BlackElo "1860"]
[PlyCount "43"]
[EventDate "2005.??.??"]
[EventType "team-match"]
[EventCountry "FRA"]

1. d4 Nf6 2. Nc3 d5 3. Bf4 a6 4. e3 e6 5. a3 c5 6. Nf3 Nc6 7. Be2 Be7 8. O-O
O-O 9. h3 b5 10. Ne5 Qb6 11. dxc5 Bxc5 12. b4 Be7 13. Nxc6 Qxc6 14. Qd4 Nd7 15.
e4 dxe4 16. Nxe4 f5 17. Bd6 Bxd6 18. Qxd6 Bb7 19. Qxc6 Bxc6 20. Nd6 Nb6 21. c4
bxc4 22. Nxc4 1/2-1/2